Psychological testing : (Record no. 6842)

MARC details
000 -LEADER
fixed length control field 01387nam a2200193Ia 4500
020 ## - INTERNATIONAL STANDARD BOOK NUMBER
ISBN 9780495095552
020 ## - INTERNATIONAL STANDARD BOOK NUMBER
ISBN 0495095559
050 00 - CALL NUMBER
Classification number BF176
Item number .K14
100 1# - AUTHOR
Personal name Kaplan, Robert M.
245 10 - TITLE
Title Psychological testing :
Remainder of title principles, applications, and issues /
Statement of responsibility, etc Robert M. Kaplan, Dennis P. Saccuzzo.
250 ## - EDITION
Edition statement Seventh edition.
260 ## - PUBLICATION INFORMATION
Place of publication Belmont
Name of publisher Cengage Learning
Year of publication 2009
300 ## - DESCRIPTION
Number of Pages xxvi, 715 pages :
Other physical details illustrations ;
Dimensions 24 cm.
500 ## - NOTES
General note Includes bibl. ref and index
505 0# - FORMATTED CONTENTS NOTE
Table of Content Norms and basic statistics for testing -- Correlation and regression -- Reliability -- Validity -- Writing and evaluating test items -- Test administration -- Interviewing techniques -- Theories of intelligence and the Binet scales -- The Wechsler Intelligence Scales : WAIS-III, WISC-IV, and WPPSI-III -- Other individual tests of ability in education and special education -- Standardized tests in education, civil service, and the military -- Applications in clinical and counseling settings -- Projective personality tests -- Computers and basic psychological science in testing -- Testing in counseling psychology -- Testing in health psychology and health care -- Testing in industrial and business settings -- Test bias -- Testing and the law -- Ethics and the future of psychological testing.
650 #0 - SUBJECTS
Topical Term Psychological tests.
700 1# - OTHER AUTHORS
Personal name Saccuzzo, Dennis P.,
942 ## - ADDED ENTRY ELEMENTS (KOHA)
Koha item type Books
Holdings
Withdrawn status Lost status Collection code Home library Current library Shelving location Date acquired Source of acquisition Full call number Accession Number Koha item type
    Reference Methodist University Library Main Methodist University Library Main General Stacks 27/11/2019 EPP BF176 .K14 8220 Books
    Reference Methodist University Library Main Methodist University Library Main General Stacks 27/11/2019 EPP BF176 .K14 8221 Books
Copyright © 2026  MUG Library